=LDR 00000nam 2200000 4500 =001 INLIS000000000021151 =005 20210223061832 =035 ##$$a 0010-061300000021151 =008 210223################g##########0#ind## =041 ##$$a Ind =082 ##$$a 336 =090 ##$$a 336, Yan h =100 ##$$a Yani, Ahmad =245 1#$$a Hubungan keuangan antara pemerintah pusat dan daerah di Indonesia /$c Ahmad Yani, S.H.,M.M.,AK =260 ##$$a Jakarta :$b Raja Grafindo Persada,$c 2004 =300 ##$$a xxii, 406 hlm ; $c 20 x 14 cm =650 #4$$a Keuangan negara =850 ##$$a NBPNMAT =020 ##$$a 979-421-898-7 =084 ##$$a 336 YAN h =990 ##$$a 20611877 =990 ##$$a 30701263 =990 ##$$a DW00027405 =990 ##$$a 20611877 =990 ##$$a 30701263